Régions d'Angleterre - Quiz - Statistiques

Statistiques générales
  • Ce quiz a été pris 154 fois
  • Le résultat moyen est 4 sur 9
Réponses sur la Carte
Les réponses sont colorées sur une échelle allant du rouge au vert en fonction du pourcentage des utilisateurs qui les ont devinées à leur premier essai. Vous pouvez retrouver ces pourcentages ci-dessous.
 
Statistiques - réponses
Régions % Correct
Grand Londres
92%
Yorkshire-et-Humber
56%
Angleterre de l'Est
46%
Angleterre du Sud-Ouest
44%
Angleterre du Nord-Est
43%
Angleterre du Sud-Est
43%
Angleterre du Nord-Ouest
42%
Midlands de l'Est
29%
Midlands de l'Ouest
29%
Aucun quiz correspondant
Distribution des résultats
% des personnes avec chaque résultat
Percentile par nombre de réponses
Votre historique - résultats
Vous n’avez pas pris ce quiz